HGGSP terminale - Conquête - Statistiques

Statistiques générales
  • Ce quiz a été pris 123 fois
  • Le résultat moyen est 23 sur 111
Statistiques - réponses
Hint Réponse % Correct
Dans quel contexte a lieu la course à l'espace? La Guerre Froide
87%
Quel est son nom? Spoutnik
86%
Quand est lancé le premier satellite soviétique? 1957
82%
Comment s'appelle l'entreprise de lancement de fusées créée par Elon Musk? SpaceX
78%
Quand est signé de Traité sur l'espace? 1967
73%
Quel homme est le premier à mettre le pied sur la lune? Neil Armstrong
66%
Quel homme a été le premier à aller et revenir de l'espace grâce à ce programme? Youri Gagarine
65%
En quelle année? 1961
61%
Quel est l'acronyme d'un sous-marin capable de lancer un missile nucléaire? SNLE
61%
Quel est le sigle de l'agence spatiale européenne? ESA
56%
En quelle année est créée la NASA? 1958
53%
Quel est le nom de l'entreprise de tourisme spatial créée par Jeff Bezos en 2000? Blue Origin
52%
En quelle année est-elle créée? 2002
48%
Quand est signé le Traité de la Lune? 1979
46%
Quel organisme le récupère en 1958? La NASA
46%
De quel mouvement politique faisait partie Wernher von Braun à l'origine? Le parti nazi
46%
Quel terme désigne la commercialisation de l'espace, en particulier par les start-ups? Le New Space
45%
Comment appelle t-on une puissance basée sur la mer? Une thalassocratie
44%
Quel pays l'a créée? Les États-Unis
42%
En quelle année est-elle créée? 1975
40%
Comment se nomme la période de la guerre froide des années 70? La Guerre fraîche ou la détente
40%
Comment appelle t-on les chinois allant dans l'espace? Les taïkonautes
38%
Comment appelle t-on les états-uniens allant dans l'espace? Les astronautes
35%
Quel autre pays fonde sa propre station quelques années plus tard? L'URSS
35%
En quelle année voit le jour la République Populaire de Chine? 1949
32%
Quel adjectif est donné aux ressources issues de la pêche? Des ressources halieutiques
32%
Comment appelle t-on les soviétiques/russes allant dans l'espace? Les cosmonautes
31%
Quel dirigeant chinois ouvre la Chine au commerce mondial à partir de 1978? Deng Xiaoping
28%
Dans quelle ville? Montego Bay
28%
Quelle expression anglophone en découle? Sea power
28%
Quand Chang'e 4, un robot tâché d'explorer la face cachée de la lune, atterrit-il à son objectif? (AAAA) 2019
26%
Que signifie l'acronyme CNUDM? Convention des Nations Unies sur le Droit de la Mer
26%
Quel est le sigle de l'agence spatiale japonaise? JAXA
26%
Quand décolle la fusée de la mission Apollo 11? (JJ/MM/AAAA) 16.07.1969
25%
En quelle année est-il lancé? 1975
22%
Quels sont les deux archipels les plus disputés de la mer de Chine Méridionale? Les îles Spratleys et les îles Paracels
22%
Comment appelle t-on les européens allant dans l'espace (bien que le terme soit en voie d'extinction)? Les spationautes
22%
En quelle année a lieu la troisième CNUDM? 1982
21%
Dans quelle mer font-ils preuve de leur puissance? La Mer Rouge
21%
Quel pays du Moyen-Orient fait fait à des rebelles dans son pays, utilisant la mer pour s'affirmer? Le Yémen
21%
Quand est envoyé le premier homme chinois dans l'espace? 2003
20%
Quel est le nom de cette station? Mir
20%
Quelles limites cette convention définit-elle? Zones Économiques Exclusives
20%
Dans quel pays? Jamaïque
19%
Quel est le nom de l'organisme spatial russe? Roscosmos ou Agence Spatiale fédérale Russe
16%
Quel est son nom? BBNJ ou Marine Biodiversity of Areas beyond National Juridictions
15%
Quel est son nom chinois? Dong Fang Hong
15%
En quelle année voit-elle le jour? 1986
14%
Quel appareil symbolise l'affirmation loin de son territoire d'un état sur la mer? Le porte-avions
14%
Que signifie t-il? L'orient est rouge
14%
Comment appelle t-on le phénomène par lequel un état s'affirme, même loin de son territoire? Projection de puissance
14%
Qui a dit "Qui commande la mer domine le commerce ; et qui domine le commerce domine la richesse du monde, et par conséquent le monde lui même" Sir Walter Raleigh
14%
Quand est envoyé le premier satellite spatial chinois? 1970
13%
Quelle ressource se trouve dans les fonds marins, convoitée? Les nodules polymétalliques
13%
Quel est son nom depuis 2013? Ligne des 10 traits
13%
Quelle est le nom original de la ligne qui délimiterait son territoire? Ligne des 9 traits
13%
Quel tribunal créé ensuite renforce l'application de ce texte? Tribunal international du droit de la mer
13%
Quelle sonde, envoyée par la NASA en 1977, continue d'avancer tout droit et d'envoyer des photos? Voyager I
13%
Quand est signé le traité sur la protection des océans hors ZEE? (AAAA) 2023
12%
Quel pourcentage de cette mer la Chine revendique t-elle? 90%
12%
Quel diplomate néerlandais dit que la mer doit être libre et sans frontières? Hugo Grotius
12%
Quel passage, exactement? Le Détroit de Bab-el-Mandeb
12%
Quand est créée la lunette astronomique, qui ouvre la porte de la conquête de l'espace? 1608
11%
En quelle année? 1973
11%
Qui est son créateur, éponyme de la ligne à 100 kilomètres d'altitude? Kepler
11%
Quel est le nom japonais de l'île disputée entre la chine et le Japon? Senkaku
11%
Comment s'appelle t-il? Yang Liwei
11%
Quel autre océan est source de tensions entre de nombreux acteurs, bien que ces tensions soient pacifiques (pour le moment)? L'Océan Glacial Arctique
9%
Que signifie son sigle? National aeronautics and space administration
9%
Comment s'appelle la première station spatiale internationale jamais créée? Skylab
9%
En quelle année est-elle créée? 2003
8%
Quel penseur du XIXe dit que la mer est la base de la puissance d'un état? Amiral Alfred Thayer Mahan
8%
Comment est-il traduit en français? Les nouvelles routes de la soie
8%
Quel est le nom de ces rebelles? Les rebelles Houthis
8%
Quel président états-unien fait une "croisière" aux Caraïbes/Golfe du Mexique juste pour montrer sa flotte? Théodore Roosevelt
8%
En quelle année cette station est-elle interrompue? 1979
7%
Quel étatsunien se rend dans l'espace un mois après son homologue soviétique, mais dont le nom est souvent oublié? Alan Shepard
7%
Quel est le nom chinois donné à l'île disputée entre la Chine et le Japon? Diaoyu
7%
Où a t-elle lieu? Genève
7%
Quel programme visait à amener le premier homme dans l'espace? Programme Vostok
7%
Quelle juridiction gère l'exploitation de ces ressources? Autorité Internationale des Fonds Marins ou AIFM
6%
Quelle stratégie commerciale adopte la Chine en 2011? (Anglais ou acronyme anglais) Le Belt and Road Initiative ou BRI
6%
En quelle année a lieu la première? 1956
5%
Quel est le chef dit "modernisateur" de la marine chinoise pendant les années 80, accessoirement chef de la répression de Tian an Men? Liu Huaqing
5%
Quel programme illustre cette période? Soyouz-Apollo
5%
En quelle année sont redécouvertes des cartes anciennes, "légitimant" l'emprise de la Chine en Mer méridionale? 1947
4%
En quelle année sont conclus ses traités? 1958
4%
En quelle année La Haye condamne t-elle la Chine pour ses actions en Mer de Chine? 2016
4%
Quel pourcentage des mers les ZEE représentent-elles? 36%
4%
Quel pourcentage de la surface totale du globe terrestre la haute mer représente t-elle? 45%
4%
Quel phénomène, inquiétant, cette juridiction n'empêche pas? La surexploitation
4%
Par quel principe un sous-marin est-il invisible? Par le principe de dilution
4%
Quel étatsunien est à l'origine du mythe de la "frontier" du Far West, qui doit constamment être repoussée? Frederik Turner
2%
Par quelle volonté la Chine veut-elle s'affirmer en mer de Chine? Par volonté impérialiste
2%
Comment ce progrès est surnommé côté États-unis? Pearl Harbor technologique
2%
Quel est le nom du grand navigateur chinois de cette époque? Zhang he
2%
En quelle année la Chine envoie t-elle Jiaolong, un sous-marin descendant à 3700 mètres de profondeur, la faisant rentrer dans l'élite des pays ayant accompli cet exploit? 2010
1%
De quels traités la Chine souhaite se venger? Des traités dits "inégaux"
1%
Comment se nommaient ses deux camarades de mission? Edwin "buzz" Aldrin et Michael Collins
1%
Quelle fonction occupent ces derniers? Ils sont militaires
1%
Que définit-elle? (2 réponses synonymes possibles) Les eaux territoriales ou la haute mer
1%
Dans quel objectif s'inscrit-il? ODD14 ou Objectifs de développement durable 14
1%
Sur quelle politique s'appuie t-il? Politique du gros bâton/"big stick"
1%
Quel autre penseur de la mer dit qu'il faut intégrer des armes terrestres aux flottes navales? Raoul Castex
1%
Quel est le nom du programme visant à l'envoyer dans l'espace? Shenzhou 5
1%
Quand la Chine interdit de construire des bateaux de plus de deux mâts? 1472
0%
Quelle est sa fonction? Diffuser l'hymne national chinois
0%
Que peut-on dire de l'émergence de la Chine depuis une cinquantaine d'années? Elle bouleverse l'ordre mondial
0%
Que fait la Chine pour affirmer sa puissance sur les îles de Mer de Chine Méridionale? Elle installe des bases militaires
0%
Que fait ce sous-marin une fois au fond de l'eau? Il plante le drapeau chinois
0%
Quel autre nom est donné à la haute mer? Zone au-delà des juridictions nationales ou ZÀJN
0%
Aucun quiz correspondant
Distribution des résultats
% des personnes avec chaque résultat
Percentile par nombre de réponses
Votre historique - résultats
Vous n’avez pas pris ce quiz